000 00692nam a22002657a 4500
003 UA-OsUOA
001 28361
007 ta
008 20050321b un ||||| |||| 00| 0 ukr d
100 _aКисленко С. Л.
700 _aКоммисаров В. И.
090 _a343.131
_bК44
942 _cBK
040 _aUA-OsUOA
_brus
_cUA-OsUOA
_dUA-OsUOA
245 _aСудебное следствие: состояние и перспективы развития
300 _a176 с.
955 _a0
041 _arus
080 _a343.131
020 _a5-93295-103-6
260 _aМ.
_bЮрлитинформ
_c2003
044 _aRU
650 7 _2UDC
999 _c314727
_d314727